000 00699cam a2200217 a 4500
001 3870810
005 20240206021130.0
008 890616s1990 nyu 000 0 eng
020 _a0415901693
020 _a0415901707 (pbk.)
040 _aDLC
_cDLC
_dDLC
082 0 0 _a306/.09
_220
_bGAY.
100 1 _aSpivak, Gayatri Chakravorty.
245 1 4 _aThe post-colonial critic :
_binterviews, strategies, dialogues /
_cGayatri Chakravorty Spivak ; edited by Sarah Harasym.
260 _aNew York :
_bRoutledge,
_c1990.
300 _aviii, 168 p. ;
650 0 _aSocial history
700 1 _aHarasym, Sarah,
_eedt
856 4 2 _uhttp://www.loc.gov/catdir/enhancements/fy0651/89010470-d.html
942 _cL
999 _c298
_d298